<?xml version="1.0" encoding="UTF-8"?>
<marc:record xmlns:marc="http://www.loc.gov/MARC21/slim">
   <marc:leader>00000nam a2200000 a 4500</marc:leader>
   <marc:datafield ind1=" " ind2=" " tag="653">
      <marc:subfield code="a">tiptoi</marc:subfield>
   </marc:datafield>
   <marc:datafield ind1="0" ind2="0" tag="245">
      <marc:subfield code="a">TipToi Spiel: Dein Körper und Du</marc:subfield>
   </marc:datafield>
   <marc:datafield ind1=" " ind2="1" tag="264">
      <marc:subfield code="b">Ravensburger Buchverl.</marc:subfield>
   </marc:datafield>
   <marc:datafield ind1="1" ind2=" " tag="520">
      <marc:subfield code="a">Wissensspiel rund um den menschlichen Körper. Das Spiel gibt Einblicke in Anatomie, Sinne, Gef%5fühle, Bewegung, Ernährung und vieles mehr. Was sind Milchzähne? Woher kommt der Muskelkater? Wie funktioniert das Ohr? Hier werden Fragen rund um den menschlichen Körper altersgerecht und umfassend beantwortet. Der tiptoi-Stift stellt abwechslungsreiche Aufgaben, um das Gelernte spielerisch zu vertiefen. F%5fr 1-4 Spieler ab 4 Jahren. (Spieldauer ca. 20 Min.)</marc:subfield>
   </marc:datafield>
</marc:record>
